000 00420nam a2200181Ia 4500
008 151018s9999 xx 000 0 und d
082 _bRBASDV19968
_a823
100 _aGreen Grmham
245 _aThe cheaters
250 _b1
260 _bnew english lib.
_c1962
300 _a378
600 _aGreen Grmham
630 _aThe cheaters
700 _aGreen Grmham
730 _aThe cheaters
942 _cBOOK
999 _c1020596
_d1020593